| 000 | 00445 a2200157 4500 | ||
|---|---|---|---|
| 003 | OSt | ||
| 005 | 20240116132824.0 | ||
| 008 | 240116b |||||||| |||| 00| 0 eng d | ||
| 040 | _coclc | ||
| 082 |
_a297 _bMOU/N |
||
| 100 |
_aMoulavi, Mohammed Amani _97798 |
||
| 245 |
_aNabi(Swa)yude vivahangal / _cMohammed Amani Moulavi |
||
| 260 |
_aKerala: _bKNM, _c2012 |
||
| 300 | _a22p | ||
| 942 |
_2ddc _cBK _h297 _iMOU/N _k297 _mMOU/N |
||
| 999 |
_c43198 _d43198 |
||